00745nam a22002057a 450000500170000001000150001702000260003203500140005803700090007208200130008110000290009424500630012325000060018626000390019227000900023130000190032194200240034099900190036495201560038320260212115858.0 aENG-147826 a9789391657987c350.00 aEN-131358 bDBAD a006.321 aKola, Ravi Kumar 987332 aPrompting Intelligence AI For Zoologists/cRavi Kumar Kola a1 aNew DelhibAryan Publicationc2025 a110,Gali no.4, Harphool Vihar,BapraulabNew Delhie110043maryanpublication@gmail.com a94p.c22cm(hb) 2ddccENh006.3mKOL c214831d214831 001040708NFICaBL1bBL1d2026-02-12eDelivery of Books Act Divisiong395.00l0o006.3 KOLpEN-131358r2026-02-12 00:00:00t1v395.00w2026-02-12yEN